000 nam a22 7a 4500
999 _c9363
_d9363
008 180129b ||||| |||| 00| 0 eng d
100 _aJayaswal,A.
_95605
245 _aLearning Computers-1
260 _aNew Delhi
_bKonark
_c2009